000 01153nam a22003377a 4500
003 CHAP
005 20220329133020.0
008 971013s1990 r 00010 d
010 _a1295
011 _a2267
035 _a1460
040 _cCHAP
090 _aTesis
100 0 0 _aMeza Rivera, María Eugenia.
_975343
245 _aManejo de la producción de leche caprina, su calidad y empleo en la elaboración de lacticíneos
260 _aChapingo, Méx. :
_bEl autor,
_c1990
300 _a134 h.
_b: gráfs.
500 _a41-64
502 _aTesis (Ing. Agroindustrial) -- UACH. Departamento de Industrias Agrícolas
590 _aALEPH
_b10
_c20130110
_lUCH01
_h1207
590 _aBATCH-UPD
_b10
_c20130110
_lUCH01
_h1634
590 _aBATCH-UPD
_b10
_c20130410
_lUCH01
_h1025
590 _aBATCH-UPD
_b10
_c20130914
_lUCH01
_h1717
590 _aCONVERSION
_b10
_c20130109
_lUCH01
_h1302
650 1 4 _aLeche de cabra
_xProducción.
_965427
650 1 4 _aProductos lácteos
_xProcesado.
_992149
710 0 _aUACH. Departamento de Industrias Agrícolas.
_9115870
901 _aBK
942 _cTESIS
949 _bBC
_cTES
_d-10946
_eTS1
_h23379
_i1460
_si
999 _c1295
_d1295